UBT Library

INTRODUCTION MEDIRBAL EUROPE (Record no. 15931)

000 -LEADER
fixed length control field 00270nam a22001217a 4500
008 - FIXED-LENGTH DATA ELEMENTS--GENERAL INFORMATION
fixed length control field 170605b xxu||||| |||| 00| 0 eng d
041 ## - LANGUAGE CODE
Language code of text/sound track or separate title eng
080 ## - UNIVERSAL DECIMAL CLASSIFICATION NUMBER
Universal Decimal Classification number 94
100 ## - Rafti
Rafti 18
101 ## - Shkurtesa
Shkurtesa SHH
245 ## - TITLE STATEMENT
Title INTRODUCTION MEDIRBAL EUROPE
Statement of responsibility, etc THOMPSON.J.W
942 ## - ADDED ENTRY ELEMENTS (KOHA)
Source of classification or shelving scheme
Item type Books
Holdings
Withdrawn status Lost status Source of classification or shelving scheme Damaged status Not for loan Collection code Permanent location Current location Shelving location Date acquired Total Checkouts Full call number Barcode Date last seen Price effective from Koha item type
          Koleksioni i përgjithshem UBT - Lipjan UBT - Lipjan Koleksioni i përgjithshem 06/05/2017   94 THO 002-288146 06/05/2017 06/05/2017 Books
UBT Library © 2015-2024. All rights reserved University Education for Business and Technology